Statistiques concernant Incollable - Loisir

Cliquez ici pour prendre le quiz!

Statistiques générales

  • Ce quiz a été pris 158 fois
  • Le résultat moyen est 13 sur 20

Statistiques - réponses

NiveauxQuestionsRéponses% Correct
CPDans la chanson, combien de petits tours font les marionnettes avant de s’en aller ?3
94%
CM2Combien faut-il être pour danser le tango ?2
93%
CPQuelle est la première note de musique dans la gamme ?Le do
93%
CE2Dans l’émission « C’est pas sorcier », où se trouve Jamy ?Dans un camion
92%
CE1Quel genre de créature est le héros de dessin animé Casper ?Un fantôme
90%
CPComplète la chanson: « C’est la mère Michel qui a perdu son ... »...chat
89%
CE1De quelle couleur est le Pokémon Pikachu ?Jaune
88%
CE2De quel instrument joue le violoncelliste ?Du violoncelle
87%
CPAu football, quel est le seul joueur qui a le droit de toucher le ballon avec les mains ?Le gardien
86%
CM1Mon premier est la onzième lettre de l’alphabet.
Mon second est un synonyme de « louper ».
Mon tout est un sport.
Le karaté
85%
CPEn 2009, au Monopoly Junior, combien d’euro touche-t-on chaque fois que l’on passe sur la case départ ?2 €
84%
LycéeDe quelle nationalité était Jacques Brel ?Belge
83%
CM2Quel coureur a battu les records du 100 m et du 200 m aux Championnats du monde d’athlétisme en 2009 ?Usain Bolt
82%
CE2Dans Spiderman 3, de quelle couleur devient le costume de Spiderman ?Noir
79%
CE1Dans un trio, combien y a-t-il de musicien ?Trois
79%
CM1Quel est le prénom de Spiderman ?Peter Parker
76%
CM1Combien y a-t-il de notes de musique dans la gamme ?7 (do, ré, mi, fa, sol, la, si )
75%
CM1Combien de minutes dure un match de football ?90 minutes
75%
CE2De quel pays provient le flamenco ?De l’Espagne
75%
CM2Dans quelle ville américaine vit Spiderman ?New-York
75%
CM1Avec quel animal joue-t-on au polo ?Un cheval
75%
CE1Je suis une sorte de tambour africain. Que suis-je ?Le tam-tam | Le djembé
73%
CollègeQuel objet utilise-t-on pour taper la balle au base-ball ?Une batte
73%
CollègeAu bowling, comment appelle-t-on le fait de faire tomber toutes les quilles du premier coup ?Un strike
73%
CPDans quelle chanson demande-t-on à Pierre sa plume ?Au clair de la lune
71%
CE1Quel animal est Bugs Bunny ?Un lapin
71%
CE1Comment appelle-t-on une personne qui fait du trapèze ?Un trapéziste
71%
CPDans le dessin animé de Walt Disney, comment s’appelle le faon ?Bambi
67%
CE2Quel légume Popeye mange-t-il pour devenir plus fort ?Des épinards
67%
CM2Dans le jeu télévisé « Fort Boyard », qui garde le trésor ?Des tigres
67%
CM1Dans Harry Potter et la pierre philosophale, comment s’appelle le directeur de Poudlard ?Le professeur Dumbledore
67%
CM2Comment appelle-t-on un joueur de trombone ?Un tromboniste
67%
CollègeQu’est ce que la proue d’un bateau ?L’avant du bateau
65%
CollègeQuel compositeur allemand, devenu sourd, composa neuf symphonies ?Ludwig van Beethoven
65%
CM1Qui est le cavalier de Jolly Jumper ?Lucky Luke
64%
CM1Au cinéma, comment appelle-t-on un film sans paroles ?Un film muet
64%
CE2Où sont conservée les œuvres d’art qui appartiennent à l’État, comme les peintures ou les sculptures ?Dans des musées
62%
CPDe quel dessin animé Sacha Ketchum est-il le héros ?Pokémon
62%
CE2Comment s’appelle la petite sœur de Titeuf ?Zizie
62%
CollègeEn 2008, quelle chanteuse interprète le single Womanizer ?Britney Spears
61%
CM2Dans le livre de Lewis Carole, quel pays visite Alice ?Le Pays des merveilles
61%
CE2Mon premier est un animal dont la tête est surmontée de bois.
Mon second permet de diriger une voiture.
On fait voler mon tout dans le ciel.
Le cerf-volant
58%
LycéeEn France, quelles récompenses décerne-t-on dans le monde du théâtre ?Les molières
57%
CM1Au football, qu’arrive-t-il à un joueur qui reçoit un carton rouge ?Il est expulsé
55%
CollègeEn 2008, qu’elle chanteuse américaine a interprété I Kissed a Girl ?Katy Perry
55%
CPDans la chanson de Noël, qui est le roi de la forêt ?Le sapin
55%
CE1Dans quel sport saute-t-on d’un avion en parachute ?Le parachutisme
53%
CollègeDans la réalité, à quel groupe appartient Joe Jonas, l’acteur vedette de Camp Rock, film de 2008 ?Aux Jonas Brothers
46%
CM2Comment appelle-t-on les paragraphes dans une poésie ?Des strophes | des stances
46%
CollègeJe suis un camps retranché dans Astérix.
Je suis aussi un dessert.
Que suis-je ?
Babaorum | Baba au rhum
42%
CE1Dans quel jeu doit-on reconnaître une personne les yeux bandés ?Colin-maillard
42%
CollègeComment s’appelle le loup qui donne son titre à un roman de Jack London paru en 1906 ?Croc-Blanc
33%
CM2Quels sont les trois types de véhicules qui participent au rallye Dakar ?Voitures, camions, motos
33%
CE1Dans la chanson À la claire fontaine quel oiseau est posé sur la branche ?Un rossignol
25%
LycéeQui est l’auteur de la photographie Le Baiser de l’hôtel de ville en 1950 ?Robert Doisneau
15%
LycéeDe quel groupe de musique cubain Compay Secundo était-il le leader ?Buena Vista Social Club
14%
LycéeQue signifie l’abréviation DVD ?Digital Versatile Disc (Disque numérique à usages variés)
13%
LycéeQui est l’auteur du roman adapté au cinéma en 1986 Le Nom de la rose ?Umberto Eco
13%
CollègeComment appelle-t-on l’« ascension d'un couloir rocheux, d'une paroi abrupte, en montagne » ?Les varappes
7%
LycéeQuelle célèbre femme sculpteur était amoureuse d’Auguste Rodin ?Camille Claudel
6%
LycéeDe quel roman d’Alexandre Dumas publie en 1848, Giuseppe Verdi s’inspire-t-il en 1853 pour composer La Traviata ?De La Dame aux camélias
6%
LycéeAvec quel film engagé de Gus Van Sant, Sean Penn obtient-il l’Oscar du meilleur acteur de 2009 ?Harvey Milk
0%

Distribution des résultats

Percentile par nombre de réponses

% des personnes avec chaque résultat

Votre développement - résultats

Vous n’avez pas pris ce quiz